Statistics for Strongest Nation Brands 2022

Click here to take the quiz!

General Stats

  • This quiz has been taken 5 times
  • The average score is 18 of 20

Answer Stats

RankNation% Correct
10Australia
100%
16Austria
100%
3Canada
100%
17Finland
100%
5France
100%
1Germany
100%
4Italy
100%
2Japan
100%
13Netherlands
100%
12Norway
100%
9Sweden
100%
7Switzerland
100%
6United Kingdom
100%
19Belgium
80%
20Greece
80%
18Ireland
80%
14New Zealand
80%
11Spain
80%
8United States of America
80%
15Scotland
20%

Score Distribution

Percentile by Number Answered

Percent of People with Each Score

Your Score History

You have not taken this quiz